000 01200cam a2200397 a 4500
001 12683946
003 OSt
005 20140310181634.0
008 941117s1994 nyua b 000 1 eng
010 _a 2002522681
020 _a0671510126 (pbk.)
040 _aDLC
_cDLC
050 0 0 _aPS 3503.U198
_b.B922 1994
082 _aCLA B85g
_b1994
100 1 _aBuck, Pearl S.
_q(Pearl Sydenstricker),
_d1892-1973.
_93222
245 1 4 _aThe good earth /
_cPearl S. Buck
260 _aNew York :
_bPocket Books,
_cc1994.
300 _axxx, 379 p. :
_bill. ;
_c18 cm.
440 0 _aEnriched classics series
_93136
500 _aIncludes bibliographical references (p. 375-376).
541 _j1
541 _j2
541 _j3
541 _j4
541 _j5
562 _e5
650 0 _aFarmers' spouses
_vFiction.
_93223
650 0 _aMarried women
_vFiction.
_93224
650 0 _aFarm life
_vFiction.
_93225
651 0 _aChina
_vFiction.
_93226
655 7 _aDomestic fiction.
_2lcsh
_92796
700 1 _aConn, Peter J.
_93227
906 _a7
_bcbc
_corignew
_d3
_encip
_f20
_gy-gencatlg
942 _2lcc
_cBBK
_kCLA
999 _c622
_d622